000 00451nam a22001817a 4500
003 MPLRDC
005 20220104142629.0
008 210129b ||||| |||| 00| 0 eng d
082 _a857.621 KXHX-3 v.1
100 _a不详
245 _a睡了一百年的人
_c
250 _a一版一刷
260 _a
_b黑龙江科学技术出版社
_c1981
300 _b
490 _a科学幻想丛刊;2
650 _a
942 _cBK
_o857.621 KXHX-3 v.1
999 _c32436
_d32426